000 00447nam a2200181Ia 4500
005 20250508163531.0
008 008 250505s9999 xx 000 0 eng d
037 _aTextual
040 _aFEDL
_beng
_cFEDL
041 _aeng
_2eng
084 _a374, KUN
_qFEDL
100 _aKunda C L
_9775571
245 0 _aNumeracy modules tested
260 _c1985
300 _a209p.
942 _cTEXL
_h374, KUN
999 _c1383928
_d1383928